000 01216nam a2200253 a 4500
001 63746
003 BD-RjUL
005 20211209081229.0
008 170202s1985 bg a eng |
020 _c: Tk. 300.00 (Inland)
035 _a(BD-RjUL)63876
040 _aANL
_beng
_dANL
_cBD-RjUL
041 _aeng
082 _223
_a304.6095492021
_bCHI 1985 (TS)
110 _aBangladesh Bureau of Statistics
_9179266
245 1 0 _aBangladesh population census, 1981:
_bCommunity tables of all Thanas of Chittagong District : Chittagong Sadar, North Sadar (Patiya) and Cox's Bazar Sub-Division / /
_cBangladesh Bureau of Statistics
260 _aDhaka, :
_bBangladesh Bureau of Statistics,
_c1985
300 _aCCIV, 423 p. :
_bIll ;
_c28 cm.
490 _aThana Series: Community tables of all Thanas of Chittagong District : Chittagong Sadar, North Sadar (Patiya) and Cox's Bazar Sub-Division
651 _aBangladesh
_zChittagong
_vcensus, 1981
_9185201
651 _aBangladesh
_zChittagong
_xPopulation
_vStaistics
_y1981
_9189233
830 _aThana Series: Community tables of all Thanas of Chittagong District : Chittagong Sadar, North Sadar (Patiya) and Cox's Bazar Sub-Division
_9189235
942 _2ddc
_cRAR
999 _c63746
_d63746